Statistics for Квиз о Сенегалу

Click here to take the quiz!

General Stats

  • This quiz has been taken 10 times
  • The average score is 10 of 17

Answer Stats

ОписОдговор% Correct
Ова животиња у периоду од 10 година убије око 25 рибара на реци изнадНилски коњ
100%
Државе са којима се граничиГамбија
100%
Државе са којима се граничиМауританија
100%
Главни градДакар
86%
Државе са којима се граничиГвинеја
86%
Државе са којима се граничиГвинеја Бисао
86%
Државе са којима се граничиМали
86%
Званичан језикФранцуски
86%
Најдужа рекаСенегал
71%
Град изнад је нај____нији град на афричком континентуЗапад
71%
Национална животињаЛав
71%
Фудбалер из Сенегала, најбољи стрелац енглеске Премијер лиге у сезони 2018-19Садио Мане
43%
Полусушно подручје јужно од Сахаре коме припада велики део СенегалаСахел
14%
Острво Горе је било центар Атлантске трговине _____ (забрањена у 19. веку)Робљем
14%
Највећа етничка групаВолоф
0%
Главни град Сенегала док је био колонијаСен Луј
0%
Ова махунарка, која се понекад погрешно сматра орашастим плодом, чини 3% извозаКикирики
0%

Score Distribution

Percentile by Number Answered

Percent of People with Each Score

Your Score History

You have not taken this quiz